So Easy (To Fall In Love) - Olivia Dean - Statistics

General Stats
  • This quiz has been taken 117 times
  • The average score is 245 of 291
Answer Stats
Answer % Correct
I
100%
easy
99%
fall
99%
in
99%
love
99%
so
99%
So
99%
to
99%
it
97%
you
96%
you,
96%
your
96%
a
94%
and
94%
And
94%
of
94%
the
94%
The
94%
night
93%
me,
91%
me
91%
(me,
91%
me)
91%
(Me,
91%
Saturday
91%
I'm
90%
be
89%
life
89%
rest
89%
with
89%
It's
87%
perfect
87%
we
87%
heart,
86%
heart
86%
mix
86%
give
84%
into
84%
on
84%
come
83%
make
83%
we'll
80%
Well,
80%
call,
79%
could
79%
us
77%
would
76%
'Cause
74%
my
74%
do
73%
hair,
73%
agree
71%
Anyone
71%
one
71%
way
70%
(dream,
69%
dream)
69%
you're
69%
girl
67%
cherry
66%
some
64%
Some
64%
That
64%
that
64%
top
64%
dreams
61%
cake,
60%
laugh
60%
missing
60%
find
59%
no
59%
piece
59%
quite
59%
isn't
57%
hard,
56%
icing
56%
people
56%
space,
56%
Park
54%
walk
54%
case
53%
Central
53%
heaven
53%
if
53%
intimately
53%
maybe
53%
turn
53%
like
51%
need
51%
stop
51%
chemistry
50%
see
50%
air,
49%
hide
49%
kind
49%
There's
49%
three
49%
extra
47%
fresh
47%
sentimental
46%
share,
46%
twist,
46%
down
40%
world
37%
might
34%
No matching quizzes found
Score Distribution
Percent of People with Each Score
Percentile by Number Answered
Your Score History
You have not taken this quiz